Texto y comentarios al Código Civil del Imperio Alemán: promulgado el 18 de agosto de 1896

Gorde:
Xehetasun bibliografikoak
Formatua: Liburua
Hizkuntza:gaztelania
Argitaratua: Madrid De Góngora 1897
Gaiak:
Etiketak: Etiketa erantsi
Etiketarik gabe, Izan zaitez lehena erregistro honi etiketa jartzen!

MARC

LEADER 00000nam a2200000 a 4500
001 UCR3196
003 CL-VaPUC
008 980124e18970000SP |||||||||||||||||spa|d
082 0 4 |a 346.0094  |b TEX  |2 21 
245 1 0 |a Texto y comentarios al Código Civil del Imperio Alemán: promulgado el 18 de agosto de 1896 
300 |a 555 p 
942 |c BK 
945 |d 19980124 00:00:00  |a cmena 
260 |a Madrid  |b De Góngora  |c 1897 
650 0 |a Código civil  |9 256135 
650 0 |a Derecho civil  |9 255013 
650 0 |a Derecho alemán   |9 385144 
650 7 |a LEGISLACION  |2 CL-VaPUC  |9 402057 
650 0 |a Jurisprudencia  |9 255952 
650 7 |a FUENTES  |2 CL-VaPUC  |9 255666 
651 0 |a Alemania  |9 255688 
583 |a last modification  |c 19980124 00:00:00  |k Rodrigo Vera 
999 |c 266292  |d 266290 
952 |0 0  |1 0  |4 0  |6 346_009400000000000_TEX_1897  |7 0  |8 DER_ROM  |9 297729  |a BIBDER  |b BIBDER  |d 2019-11-20  |i 1940503  |o 346.0094 TEX 1897  |p 1940503  |r 2019-11-20  |w 2019-11-20  |x Ubicación 4to piso  |y BK_X  |z Este recurso debe solicitarse con anticipación  |k DER